A reader's guide to Geoffrey Chaucer / (Record no. 19611)
[ view plain ]
| 000 -LEADER | |
|---|---|
| fixed length control field | 00834nam a22002531 4500 |
| 001 - CONTROL NUMBER | |
| control field | 19611 |
| 003 - CONTROL NUMBER IDENTIFIER | |
| rucl marc code | BD-RjUL |
| 005 - DATE AND TIME OF LATEST TRANSACTION | |
| control field | 20211209000444.0 |
| 008 - FIXED-LENGTH DATA ELEMENTS--GENERAL INFORMATION | |
| fixed length control field | 140225r19671964nyu f 001 p eng |
| 035 ## - SYSTEM CONTROL NUMBER | |
| System control number | (BD-RjUL)19671 |
| 040 ## - CATALOGING SOURCE | |
| Original cataloging agency | DLC |
| Transcribing agency | DLC |
| Modifying agency | DLC |
| -- | BD-RjUL |
| Language of cataloging | eng |
| 041 ## - LANGUAGE CODE | |
| Language code of text/sound track or separate title | eng |
| 082 00 - DEWEY DECIMAL CLASSIFICATION NUMBER | |
| Classification number | 821.1 |
| Author mark and year | BOR 1967 |
| 100 1# - MAIN ENTRY--PERSONAL NAME | |
| Personal name | Bowden, Muriel. |
| 9 (RLIN) | 60241 |
| 245 12 - TITLE STATEMENT | |
| Title | A reader's guide to Geoffrey Chaucer / |
| Statement of responsibility, etc. | Muriel Bowden. |
| 260 ## - PUBLICATION, DISTRIBUTION, ETC. (IMPRINT) | |
| Place of publication, distribution, etc. | New York : |
| Name of publisher, distributor, etc. | Farrar, Straus, |
| Date of publication, distribution, etc. | c1964 [Reprinted 1967]. |
| 300 ## - PHYSICAL DESCRIPTION | |
| Pagination | viii, 212 p. ; |
| Size | 21 cm. |
| 504 ## - BIBLIOGRAPHY, ETC. NOTE | |
| Bibliography, etc | Bibliography: p. [207]-209. and index. |
| 600 10 - SUBJECT ADDED ENTRY--PERSONAL NAME | |
| Personal name | Chaucer, Geoffrey, |
| Dates associated with a name | -1400 |
| General subdivision | Criticism and interpretation |
| -- | Handbooks, manuals, etc. |
| Personal name | Chaucer, Geoffrey, |
| Dates associated with a name | -1400 |
| General subdivision | Examinations |
| -- | Study guides. |
| 942 ## - ADDED ENTRY ELEMENTS (KOHA) | |
| Source of classification or shelving scheme | Dewey Decimal Classification |
| Koha item type | Books |
| Lost status | Source of classification or shelving scheme | Damaged status | Not for loan | Collection code | Permanent Location | Current Location | Shelving location | Date acquired | Source of acquisition | Cost, normal purchase price | Total Checkouts | Full call number | Date last seen | Copy number | Koha item type |
|---|---|---|---|---|---|---|---|---|---|---|---|---|---|---|---|
| Dewey Decimal Classification | Not For Loan | Fiction | Central Library, University of Rajshahi | Central Library, University of Rajshahi | Reading Room | 05/04/1973 | Paramount Book Corp. | 33.00 | 821.1 BOR 1967 | 25/02/2014 | C-1 | Books | |||
| Dewey Decimal Classification | Fiction | Central Library, University of Rajshahi | Central Library, University of Rajshahi | 08/10/1973 | Paramount Book Corp. | 33.00 | 821.1 BOR 1967 | 24/02/2020 | C-2 | Books |